01174cam a2200277 i 4500001000500000005001700005020002900022020001800051040002800069050002500097082001500122100004200137245008000179250004500259260004500304300004100349490004000390500007700430505000700507520027300514521001700787521001700804650003100821650002200852650002200874267120250828090616.0 a9780316244121 (hardback) a9781444913989 aDLCbengcDLCerdadDLC00aPZ7.C83535bHld 201300a823.922231 aCowell, Cressidaeauthoreillustrator10aHow to betray a dragon's hero /cwritten and illustrated by Cressida Cowell aFirst published in Great Britain in 2013 aLondon :bHodder Children's Books,c2013 a366 pages :billustrations ;c20 cm.0 aHow to train your dragon ;vbook 11 aOriginally published in Great Britain in 2013 by Hodder Childer's Books. aR  a"Hiccup is in hiding in the Murderous Mountains with the Company of the Dragonmark, but he is determined to become King of the Wilderwest by defeating the witch's Vampire Spydragons and steal back the King's Things from Alvin the Treacherous"--cProvided by publisher. a910 bLexile aR bRaz-Plus 0aVikingsvJuvenile fiction. 1aVikingsvFiction. 1aDragonsvFiction.